Kiên quyết, kiên trì đấu tranh phòng, chống tham nhũng, tiêu cực, góp phần xây dựng Đảng và Nhà nước ta ngày càng trong sạch, vững mạnh

Na minha lista:
Detalhes bibliográficos
Autor principal:  Nguyễn, Phú Trọng
Formato: Livro
Idioma:Undetermined
Publicado em:  Chính trị quốc gia Sự thật  2023
Assuntos:
Tags: Adicionar Tag
Sem tags, seja o primeiro a adicionar uma tag!
Thư viện lưu trữ: Trung tâm Thư viện - Trường Đại học Công nghiệp TP. Hồ Chí Minh
LEADER 00752nam a2200157Ia 4500
001 IUH_2025_00021
008 251224s9999 xx 000 0 und d
082 |a  364.132309597 
100 |a  Nguyễn, Phú Trọng 
245 0 |a Kiên quyết, kiên trì đấu tranh phòng, chống tham nhũng, tiêu cực, góp phần xây dựng Đảng và Nhà nước ta ngày càng trong sạch, vững mạnh 
245 0 |c  Nguyễn, Phú Trọng 
260 |b  Chính trị quốc gia Sự thật 
260 |c  2023 
650 |a  Đảng Cộng sản Việt Nam; Phòng chống tham nhũng;  
927 |a Sách 
980 |a Trung tâm Thư viện - Trường Đại học Công nghiệp TP. Hồ Chí Minh